00841nam a2200229Ia 450000500170000000800410001702000260005804000190008404100120010308200190011510000210013424501330015526000430028830000110033150400500034265000600039265100190045285000100047194200070048199900170048895201060050520221126112918.0131103s9999 xx 000 0 und d a81-87655-82-2cRs 190 aLoreto College aEnglish a821.8bARN-THA aTharakan,Anniyil aMathew Arnold and the Bhagavad Gitab a study in the light of nineteenth century British interest in the east cAnniyil Tharakan aTrivandrumbCarmel Internationalc2006 a300p.  aIncludes bibliographical references and index aArnold, Matthew, 1822-1888-criticism and interpretation aEnglish poetry aLCLIB cBK c14431d64910 00102ddc4070aMAINbMAINd2013-11-04l0o821.8 ARN-THA 45020pB14460r2013-11-04w2013-11-04yBKf